The Ride of a Lifetime (Record no. 11234)

MARC details
000 -LEADER
fixed length control field 00303nam a22001337a 4500
003 - CONTROL NUMBER IDENTIFIER
control field OSt
008 - FIXED-LENGTH DATA ELEMENTS--GENERAL INFORMATION
fixed length control field 220521b ||||| |||| 00| 0 eng d
082 ## - DEWEY DECIMAL CLASSIFICATION NUMBER
Classification number 823.92 IGR
100 ## - MAIN ENTRY--PERSONAL NAME
Personal name IGER, Robert
245 ## - TITLE STATEMENT
Title The Ride of a Lifetime
260 ## - PUBLICATION, DISTRIBUTION, ETC. (IMPRINT)
Place of publication, distribution, etc London
Name of publisher, distributor, etc Penguin
Date of publication, distribution, etc 2019
300 ## - PHYSICAL DESCRIPTION
Extent 246
942 ## - ADDED ENTRY ELEMENTS (KOHA)
Source of classification or shelving scheme Dewey Decimal Classification
Koha item type Text Books

No items available.

Design & Developed by: PIET Central Library
R70 Miles Stone Pattikalyana Samalkha Panipat 132102
mail ID :- [email protected], Phone No:- 0180-2569700 Ex.216